00981nas a2200253Ia 4500001001100000003000900011008004100020040001300061040001300074041001300087100004700100210002000147222002000167245017900187250001100366260002800377501008600405300001800491362004600509500008600555650003600641700002100677700002900698R012/42590IT-RoPAU151124c99999999xx |||||||||||| ||und|| aIT-RoPAU cIT-RoPAU aITALIANO aAccialini FulviogCodice Aut. SPICS: 10098 aCINEMA & CINEMA aCinema & Cinema aCINEMA & CINEMA, ANNO 07-N.25/26 (OTTOBRE-DICEMBRE 1980)bComuni Cose Della Vita Che Si Staccano Dalla Banalita' (Le): Ovvero, Non Bisogna Scommettere la Testa Con Il Diavolo a1a ed. aVENEZIAbMARSILIOc1980 bPaulus - SPICS - Società San Paolo EM (non-commercial uses only)cCopyright2015 a13 p. [14-26] aANNO 007, N.25/26 (OTTOBRE-DICEMBRE 1980) aRiflessioni su Alfred Hitchcock e il Suo Cinema. Note Particolari Sul Filmpsycho. aCINEMAvPUBBLICAZIONE PERIODICA aColuccelli Lucia gCodice Aut. SPICS: 7889